LIBRARY & INFORMATION CENTRE, KCAET, TAVANUR

ONLINE PUBLIC ACCESS CATALOGUE (OPAC)

Question Bank on Agricultural Process Engineering. (First Edition) (Record no. 14226)

MARC details
000 -LEADER
fixed length control field 00351nam a22001217a 4500
020 ## - INTERNATIONAL STANDARD BOOK NUMBER
ISBN 9789384337179
082 ## - DEWEY DECIMAL CLASSIFICATION NUMBER
Classification number 631.1
Item number UJJ/QU
100 ## - MAIN ENTRY--AUTHOR NAME
Personal name Ujjwal. P.S
-- Sweta Singh
-- Singh .B.R
245 ## - TITLE STATEMENT
Title Question Bank on Agricultural Process Engineering. (First Edition)
260 ## - PUBLICATION, DISTRIBUTION, ETC. (IMPRINT)
Place of publication Delhi
Name of publisher Narendra Publishing House
Year of publication 2014
300 ## - PHYSICAL DESCRIPTION
Number of Pages 357
942 ## - ADDED ENTRY ELEMENTS (KOHA)
Koha item type Books
Holdings
Withdrawn status Lost status Damaged status Collection code Home library Current library Shelving location Date acquired Source of acquisition Cost, normal purchase price Full call number Accession Number Koha item type
        KAUAET KAUAET General Stacks 06/06/2016 Southern Book Centre 1295.00 631.1 UJJ/QU 24918 Books
        KAUAET KAUAET General Stacks 19/07/2016 Ganesh Book Centre 1295.00 631.1 UJJ/QU 24878 Books
free website counter